[Event "Challenge"]
[Site "http://www.queenalice.com/game.php?id=858433"]
[Date "2010.11.13"]
[Round "-"]
[White "lupengui"]
[Black "bukbuk"]
[Result "1-0"]
[WhiteElo "2490"]
[BlackElo "2398"]

1. d4 d5 2. c4 e6 3. Nc3 Nf6 4. Nf3 Bb4 5. e3 O-O 6. Bd3 c6 7. Bd2 Bd7 8. Qb3 a5
9. O-O dxc4 10. Bxc4 c5 11. a3 a4 12. Qc2 Bxc3 13. Bxc3 Bc6 14. Ne5 cxd4 15.
Bxd4 Be4 16. Qe2 Nc6 17. Nxc6 bxc6 18. Rac1 Re8 19. f3 Bd5 20. e4 e5 21. Be3 Be6
22. Ba6 c5 23. Rxc5 Nd7 24. Rc3 Qa5 25. Bb7 Rab8 26. Bc6 Red8 27. Rd1 h6 28. Kf1
Nb6 29. Rxd8+ Rxd8 30. Kf2 Bb3 31. Qb5 Qxb5 32. Bxb5 Rb8 33. Bf1 Nd7 34. Bd2 Be6
35. Rc2 Bb3 36. Rc7 Nf8 37. Bc3 Ne6 38. Rd7 f6 39. Ke3 Rd8 40. Rxd8+ Nxd8 41. g3
g5 42. f4 gxf4+ 43. gxf4 exf4+ 44. Kxf4 Kf7 45. e5 Ne6+ 46. Kg3 f5 47. Bd2 h5
48. Be2 h4+ 49. Kxh4 Nd4 50. Bh5+ Ke6 51. Kg5 Nc6 52. Bg6 Bc2 53. Bc3 Ne7 54.
Bh7 Kf7 55. Bb4 Kg7 56. Bxe7 Kxh7 57. h4 Bd3 58. e6 Bc2 59. Bd6 Be4 60. e7 Bc6
61. h5 Be8 62. Bf4 Kg8 63. h6 Bd7 64. Kf6 Bb5 65. Kg6 Be8+ 66. Kxf5 Kf7 67. Ke5
Bb5 68. Kd6 Be8 69. Be3 Kg8 70. Kc7 Bg6 71. Kd8 Bf7 72. e8=Q+ Bxe8 73. Kxe8 Kh8
74. Kf7 Kh7 75. Bg5 Kh8 76. Kg6 Kg8 77. h7+ 1-0

[Event "AUTO-OPEN-1864"]
[Site "http://www.queenalice.com/game.php?id=861282"]
[Date "2010.11.20"]
[Round "2"]
[White "phystutordotcom"]
[Black "bukbuk"]
[Result "0-1"]
[WhiteElo "2158"]
[BlackElo "2385"]

1. Nf3 Nf6 2. g3 d5 3. d3 Nbd7 4. Nbd2 e5 5. e4 c6 6. Bg2 Bd6 7. O-O O-O 8. Re1
Re8 9. Nf1 Qc7 10. Nh4 dxe4 11. dxe4 Nc5 12. Nf5 Ncxe4 13. Nxd6 Nxd6 14. Bg5 Bg4
15. f3 Bf5 16. Ne3 Nd7 17. Nxf5 Nxf5 18. Bh3 Nd6 19. Qd3 f6 20. Rad1 fxg5 21.
Bxd7 Qxd7 22. Qxd6 Qf7 23. Rxe5 Qxa2 24. Re7 Rxe7 25. Qxe7 Qxb2 26. Qe6+ Kh8 27.
Qe7 h6 28. Rd8+ Rxd8 29. Qxd8+ Kh7 30. Qd3+ g6 31. Qd7+ Qg7 32. Qd3 Qe7 33. Kf2
b5 34. Qc3 Qc7 35. Kg2 a5 0-1

[Event "AUTO-OPEN-1864"]
[Site "http://www.queenalice.com/game.php?id=861283"]
[Date "2010.11.20"]
[Round "2"]
[White "bukbuk"]
[Black "phystutordotcom"]
[Result "1-0"]
[WhiteElo "2381"]
[BlackElo "2126"]

1. e4 d6 2. Bc4 Nf6 3. Nc3 e5 4. d3 Be7 5. Nf3 O-O 6. O-O c6 7. d4 Qc7 8. a4 b6
9. d5 cxd5 10. Nxd5 Nxd5 11. Bxd5 Nc6 12. Ra3 Bb7 13. Rc3 Qd7 14. Re1 Kh8 15.
Rce3 f5 16. exf5 Rxf5 17. c4 Nb4 18. Bxb7 Qxb7 19. b3 Raf8 20. Ba3 a5 21. Bxb4
axb4 22. Qd2 h6 23. Qxb4 d5 24. Qb5 e4 25. Nd4 Rxf2 26. Ne6 R8f6 27. cxd5 Rd2
28. Rxe4 Rxd5 29. Qe8+ Kh7 30. b4 Rd7 31. Qh5 Rg6 32. Nf4 Rg5 33. Qe2 Bd6 34.
Qc2 g6 35. h4 Rg4 36. h5 Rxf4 37. Rxf4 Bxf4 38. Qxg6+ Kh8 39. Re8# 1-0

[Event "AUTO-OPEN-1864"]
[Site "http://www.queenalice.com/game.php?id=861288"]
[Date "2010.11.20"]
[Round "2"]
[White "bukbuk"]
[Black "Miraguaiov"]
[Result "1/2-1/2"]
[WhiteElo "2399"]
[BlackElo "2466"]

1. e4 c6 2. Nf3 d5 3. e5 Bg4 4. d4 e6 5. Nbd2 Qc7 6. h3 Bh5 7. Be2 Nd7 8. O-O
Ne7 9. c3 c5 10. b4 cxb4 11. cxb4 a6 12. a3 Nc6 13. Nb3 Be7 14. Be3 O-O 15. Rc1
Qd8 16. Nc5 Nxc5 17. bxc5 b6 18. cxb6 Qxb6 19. Qa4 Rfc8 20. Rc3 Na5 21. Rxc8+
Rxc8 22. Qd7 Qc7 23. Qxc7 Rxc7 24. Bxa6 Bxf3 25. gxf3 Bxa3 26. Ra1 1/2-1/2

[Event "AUTO-OPEN-1864"]
[Site "http://www.queenalice.com/game.php?id=861289"]
[Date "2010.11.20"]
[Round "2"]
[White "Miraguaiov"]
[Black "bukbuk"]
[Result "1-0"]
[WhiteElo "2463"]
[BlackElo "2395"]

1. d4 d5 2. c4 dxc4 3. Nf3 b5 4. a4 c6 5. axb5 cxb5 6. e3 Qc7 7. Nc3 Qb7 8. b3
b4 9. Na4 c3 10. Nc5 Qb6 11. Ne5 Bb7 12. Bc4 e6 13. Nxf7 Kxf7 14. Bxe6+ Qxe6 15.
Nxe6 Kxe6 16. e4 Nf6 17. O-O Ke7 18. Qe2 a5 19. e5 Nd5 20. Bg5+ Ke8 21. f4 Be7
22. f5 Kd8 23. Bxe7+ Nxe7 24. Qb5 Bc6 25. Qb6+ Kc8 26. Rxa5 Rxa5 27. Qxa5 Nd5
28. Qc5 Rd8 29. e6 h5 30. Ra1 Nc7 31. Qxb4 c2 32. Qc5 Be4 33. e7 Re8 34. Qe5 Bd5
35. Qxg7 Rg8 36. Qf8+ Kb7 37. g3 Nd7 38. Qd8 Nf6 39. Rc1 Be4 40. d5 Bxf5 41. d6
Nce8 42. Qa5 Nxd6 43. Qc5 Rxg3+ 44. hxg3 Nfe8 45. Ra1 c1=R+ 46. Rxc1 Bd7 47. Rd1
Bc6 48. Rxd6 Nxd6 49. Qxd6 Kb6 50. Qxc6+ Ka5 51. b4+ Kxb4 52. e8=Q 1-0

[Event "AUTO-OPEN-1837"]
[Site "http://www.queenalice.com/game.php?id=884764"]
[Date "2011.1.12"]
[Round "2"]
[White "bukbuk"]
[Black "Arthur0007"]
[Result "1-0"]
[WhiteElo "2401"]
[BlackElo "2059"]

1. e4 e5 2. Bc4 d6 3. Nf3 Be7 4. d4 f6 5. dxe5 dxe5 6. Qe2 Nc6 7. O-O Bg4 8. Bb5
a6 9. Bxc6+ bxc6 10. Rd1 Bd6 11. h3 Bd7 12. Nc3 Ne7 13. Be3 O-O 14. Na4 Qe8 15.
c4 Ng6 16. c5 Be7 17. Qc4+ Kh8 18. Rd2 Qc8 19. Nc3 Bxh3 20. gxh3 Qxh3 21. Nh2 f5
22. Qf1 Qxf1+ 23. Kxf1 f4 24. Bd4 exd4 25. Rxd4 Bxc5 26. Rc4 Bd6 27. Nf3 Ne5 28.
Nxe5 Bxe5 29. Rxc6 f3 30. Rd1 Rf4 31. Rxa6 Re8 32. Re6 Rff8 33. Rxe8 Kg8 34.
Rxe5 h6 35. Rd7 1-0

[Event "AUTO-OPEN-1837"]
[Site "http://www.queenalice.com/game.php?id=884765"]
[Date "2011.1.12"]
[Round "2"]
[White "Arthur0007"]
[Black "bukbuk"]
[Result "0-1"]
[WhiteElo "2023"]
[BlackElo "2389"]

1. e4 e5 2. Nf3 Nc6 3. Bc4 Be7 4. d4 exd4 5. Nxd4 Ne5 6. Bb3 d6 7. c3 Bg4 8. f3
Bd7 9. O-O Nf6 10. Be3 O-O 11. Bc2 c5 12. Nf5 Bxf5 13. exf5 Qb6 14. b3 d5 15.
Qe1 Rad8 16. b4 Rfe8 17. Qg3 Nc4 18. Bxc5 Bxc5+ 19. bxc5 Qb2 0-1

[Event "AUTO-MASTER-1037"]
[Site "http://www.queenalice.com/game.php?id=900010"]
[Date "2011.2.13"]
[Round "2"]
[White "Mamediarov"]
[Black "bukbuk"]
[Result "1/2-1/2"]
[WhiteElo "2138"]
[BlackElo "2392"]

1. d4 d5 2. c4 dxc4 3. e3 Be6 4. Na3 Bd5 5. Nxc4 Nf6 6. Nf3 e6 7. Bd3 c5 8. O-O
Nc6 9. Nce5 cxd4 10. Nxc6 bxc6 11. exd4 Bd6 12. Qe2 O-O 13. Rd1 Qc7 14. h3 Rfb8
15. b3 a5 16. Bg5 Qd8 17. Ne5 Rb4 18. Rac1 h6 19. Nxc6 Bxc6 20. Bxf6 Qxf6 21.
Rxc6 Rxd4 22. Rxd6 Rxd6 23. Bh7+ Kxh7 24. Rxd6 Rc8 25. Qe4+ Qg6 26. Qxg6+ Kxg6
27. a4 Rc1+ 28. Kh2 Rc5 29. Rb6 Kf5 30. Rb7 Kf6 31. g3 g5 32. Kg2 h5 33. Kf3 Rd5
34. Ke4 g4 35. hxg4 hxg4 36. Rb5 Rxb5 37. axb5 Ke7 38. Kf4 Kd6 39. Kxg4 Kc5 40.
Kg5 Kxb5 41. Kf6 Kb4 42. g4 Kxb3 43. g5 a4 44. Kxf7 a3 45. g6 a2 46. g7 a1=Q 47.
g8=Q Qa7+ 48. Kxe6 Qxf2 49. Ke5+ Kb4 1/2-1/2

[Event "AUTO-MASTER-1037"]
[Site "http://www.queenalice.com/game.php?id=900011"]
[Date "2011.2.13"]
[Round "2"]
[White "bukbuk"]
[Black "Mamediarov"]
[Result "1-0"]
[WhiteElo "2387"]
[BlackElo "2143"]

1. e4 c6 2. d4 d5 3. e5 Bf5 4. Nf3 e6 5. Be2 Nd7 6. O-O h6 7. Be3 Ne7 8. Nbd2 g5
9. a3 Bg7 10. c3 O-O 11. Re1 Bg6 12. Nf1 b6 13. Ng3 Nf5 14. Nxf5 exf5 15. Qa4
Qc7 16. c4 dxc4 17. Qxc4 f4 18. Bd2 c5 19. b4 Qb7 20. bxc5 bxc5 21. Rad1 Rac8
22. Qa4 Nb6 23. Qa6 Qxa6 24. Bxa6 Rc6 25. d5 Nxd5 26. Bb7 Ne7 27. Bxc6 Nxc6 28.
Rc1 Rb8 29. Rxc5 Nd8 30. Rc7 1-0

[Event "AUTO-OPEN-1837"]
[Site "http://www.queenalice.com/game.php?id=911530"]
[Date "2011.3.11"]
[Round "3"]
[White "maurice91"]
[Black "bukbuk"]
[Result "0-1"]
[WhiteElo "1852"]
[BlackElo "2379"]

1. c4 e5 2. Nc3 Nf6 3. Nf3 Nc6 4. e4 Bc5 5. h3 d6 6. d3 O-O 7. Be2 Nd4 8. Nxd4
Bxd4 9. O-O Bxc3 10. bxc3 Re8 11. Bb2 c6 12. Qc2 Qc7 13. a4 Be6 14. Kh1 d5 15.
cxd5 cxd5 16. Bf3 dxe4 17. dxe4 Red8 18. Rad1 Qc4 19. Rde1 Rac8 20. Kg1 Qb3 21.
Bd1 Qxc2 22. Bxc2 Bc4 23. Rc1 Bxf1 24. Kxf1 h5 25. f3 Rd2 26. Ke1 Rxg2 0-1

[Event "AUTO-OPEN-1837"]
[Site "http://www.queenalice.com/game.php?id=911531"]
[Date "2011.3.11"]
[Round "3"]
[White "bukbuk"]
[Black "maurice91"]
[Result "1-0"]
[WhiteElo "2390"]
[BlackElo "1878"]

1. e4 c6 2. d4 Nf6 3. e5 Nd5 4. Nf3 e6 5. c4 Bb4+ 6. Bd2 Bxd2+ 7. Nbxd2 Ne7 8.
Ne4 Nf5 9. c5 h5 10. Bd3 d5 11. cxd6 Nd7 12. O-O Nb6 13. Nc5 Nd7 14. Bxf5 exf5
15. e6 Nxc5 16. exf7+ Kxf7 17. dxc5 Re8 18. Qb3+ Kf8 19. Rae1 Re4 20. Rxe4 fxe4
21. Ne5 b6 22. Qf7# 1-0